00333nam a2200121Ia 4500008004100000041000800041082002000049100001800069245004500087260004200132300002800174365000900202240624s9999 xx 000 0 und d aeng a641.5097471 PAR aPARKER MILTON aHOW TO FEED FRIENDS AND INFLUENCE PEOPLE c2005aNew JerseybJohn Wiley and Sons axii, : 171p. : cm. ; 22 cb27